MATERICA LUZ /

Enregistré dans:
Détails bibliographiques
Auteur principal: Vallejo, Alfonso (autor)
Format: Livre
Sujets:
Tags: Ajouter un tag
Pas de tags, Soyez le premier à ajouter un tag!

MARC

LEADER 00000nam^a2200000^a^4500
001 000230426
005 20250521000000.0
009 20260310104437.915
020 |a 84-7954-189-X 
035 |a 051684 
037 |a Acervo Xavier Clavigero 
082 |a 861. 64 VAL 
100 |a Vallejo, Alfonso  |e (autor) 
245 1 0 |a MATERICA LUZ /  |c ALFONSO VALLEJO 
264 |a MADRID :  |b PRODHUFI,  |c 1994 
300 |a 136p. 
336 |a texto  |b txt  |2 rdacontenido 
337 |a sin mediación  |b n  |2 rdamedio 
338 |a volumen  |b nc  |2 rdasoporte 
649 |a XX 
650 |a POESIA ESPAÑOLA -  |x SIGLO XX 
650 |a Literatura Española -  |y Siglo XX 
910 |a Fondo General 
920 |a Impresos - Libros 
930 |a Colección General 
940 |a Literatura 
905 |a 101 
901 |a 051684  |b IT1  |c LIT  |i 051684  |u 20250521 
902 |a https://opac.biblio.iteso.mx/vufind/Record/000230426